Justicia municipal y Registro Civil (Record no. 85582)

MARC details
000 -LEADER
campo de control de longitud fija 00626nam a2200169 i 4500
001 - NÚMERO DE CONTROL
campo de control 85582
003 - IDENTIFICADOR DE NÚMERO DE CONTROL
campo de control ES-MaACL
005 - FECHA Y HORA DE LA ÚLTIMA TRANSACCIÓN
campo de control 20230906175252.0
007 - CAMPO FIJO DE DESCRIPCIÓN FÍSICA--INFORMACIÓN GENERAL
campo de control de longitud fija t|
008 - DATOS DE LONGITUD FIJA--INFORMACIÓN GENERAL
campo de control de longitud fija 041129s1945 sp ||||1| spa d
245 00 - MENCIÓN DEL TÍTULO
Título Justicia municipal y Registro Civil
Resto del título : conforme a la Ley de Bases de 19 de julio de 1944 : textos legales comentados y anotados con índices completos /
Mención de responsabilidad, etc. por Antonio Luna y Juan A. Vivancos.
260 ## - PUBLICACIÓN, DISTRIBUCIÓN, ETC.
Lugar de publicación, distribución, etc. Madrid :
Nombre del editor, distribuidor, etc. [s.n.,
Fecha de publicación, distribución, etc. 1945] (
Fabricante J. Cosano)
300 ## - DESCRIPCIÓN FÍSICA
Extensión 315, 399, 96 p. ;
Dimensiones 18 cm.
700 1# - ENTRADA AGREGADA--NOMBRE PERSONAL
Nombre de persona Luna, Antonio de.
9 (RLIN) 74751
700 1# - ENTRADA AGREGADA--NOMBRE PERSONAL
Nombre de persona Vivancos, Juan A.
9 (RLIN) 115545
852 ## - LOCALIZACIÓN
Ubicación ES-MaACL
Número de control de estantería B-10174
Sublocalización o colección R.21635
Holdings
Estatus retirado Estado de pérdida Estado de daño No para préstamo Biblioteca de origen Biblioteca actual Ubicación en estantería Fecha de adquisición Fuente de adquisición Total de préstamos Signatura topográfica completa Código de barras Visto por última vez Precio de reemplazo Tipo de ítem Koha
        Biblioteca del Ateneo de Madrid Biblioteca del Ateneo de Madrid Sala Pardo Bazán 17/01/2008     B-10174 1089428 23/02/2023 23/02/2023 Libro impreso